Studies in the development of capitalism in India. (Record no. 55319)

MARC details
000 -LEADER
fixed length control field 00675cam a22002411 4500
001 - CONTROL NUMBER
control field sa 63003827
003 - CONTROL NUMBER IDENTIFIER
control field DLC
005 - DATE AND TIME OF LATEST TRANSACTION
control field 20260227111944.0
008 - FIXED-LENGTH DATA ELEMENTS--GENERAL INFORMATION
fixed length control field 790221s1963 ii a 000 0 eng
010 ## - LIBRARY OF CONGRESS CONTROL NUMBER
LC control number sa 63003827
035 ## - SYSTEM CONTROL NUMBER
System control number (OCoLC)4677454
040 ## - CATALOGING SOURCE
Original cataloging agency DLC
Transcribing agency NGenoU
Modifying agency DLC
042 ## - AUTHENTICATION CODE
Authentication code premarc
043 ## - GEOGRAPHIC AREA CODE
Geographic area code a-ii---
050 00 - LIBRARY OF CONGRESS CALL NUMBER
Classification number HC435
Item number .J47
100 1# - MAIN ENTRY--PERSONAL NAME
Personal name Jha, Shiva Chandra,
Dates associated with a name 1929-
245 10 - TITLE STATEMENT
Title Studies in the development of capitalism in India.
250 ## - EDITION STATEMENT
Edition statement [1st ed.]
260 ## - PUBLICATION, DISTRIBUTION, ETC.
Place of publication, distribution, etc. Calcutta,
Name of publisher, distributor, etc. Firma K. L. Mukhopadhyay,
Date of publication, distribution, etc. 1963.
300 ## - PHYSICAL DESCRIPTION
Extent ix, 415 p.
Other physical details tables.
Dimensions 23 cm.
504 ## - BIBLIOGRAPHY, ETC. NOTE
Bibliography, etc. note Bibliography: p. [364]-399.
651 #0 - SUBJECT ADDED ENTRY--GEOGRAPHIC NAME
Geographic name India
General subdivision Economic conditions.

No items available.

Powered by Koha